[Event "Mittelfr. EM 2018 - Hauptturnier"]
[Site "Nürnberg"]
[Date "2018.03.27"]
[Round "1.1"]
[White "Böhme, Sebastian"]
[Black "Walter, Florian"]
[Result "1/2-1/2"]
[WhiteElo "2036"]
[BlackElo "2203"]
[PlyCount "167"]
[EventDate "2018.??.??"]
[WhiteTeam "SC Uttenreuth"]
[BlackTeam "SC Noris-Tarrasch Nürnberg"]

1. e4 c5 2. Nf3 g6 3. c3 Bg7 4. d4 cxd4 5. cxd4 d5 6. exd5 Nf6 7. Nc3 Nxd5 8.
Bc4 Nb6 9. Bb3 O-O 10. O-O Nc6 11. Be3 Na5 12. Bc2 Nac4 13. Bb3 Be6 14. Ng5
Nxe3 15. fxe3 Bxb3 16. Qxb3 e6 17. Nf3 Rc8 18. Rac1 Bh6 19. Ne4 Rxc1 20. Rxc1
Nd5 21. Re1 Qa5 22. Ned2 Qb4 23. Qxb4 Nxb4 24. Nc4 Rc8 25. b3 b5 26. Nd6 Rc2
27. Ne5 f6 28. Ng4 Bg7 29. a3 Nd5 30. Nxb5 f5 31. Ne5 a6 32. Nd6 Rc3 33. e4
fxe4 34. Rxe4 Rxb3 35. Nec4 Nc7 36. Kf2 Rd3 37. Ke2 Rxd4 38. Rxd4 Bxd4 39. Kd3
Bc5 40. Nb7 Be7 41. a4 Kf7 42. Kd4 Kf6 43. Ne5 Kf5 44. Nc6 Ba3 45. Nba5 e5+ 46.
Kd3 e4+ 47. Ke2 Ne6 48. Nc4 Bc5 49. Ne3+ Kg5 50. Nd5 Nf4+ 51. Nxf4 Kxf4 52. Nb8
a5 53. Nc6 Bb6 54. Ne7 Ke5 55. h4 Kd4 56. Ng8 e3 57. Nf6 h5 58. g4 hxg4 59.
Nxg4 Kc3 60. Ne5 Kb3 61. Nxg6 Kxa4 62. Nf4 Kb3 63. Nd3 a4 64. h5 a3 65. h6 Bd4
66. h7 Kc4 67. Nc1 Bb2 68. Nd3 Bh8 69. Nc1 Kd4 70. Na2 Kc4 71. Nc1 Kc3 72. Na2+
Kc2 73. Kxe3 Kb3 74. Nc1+ Kb2 75. Nd3+ Kc2 76. Nb4+ Kb3 77. Nd3 Ka2 78. Kd2 Bg7
79. Kc2 Ka1 80. Nf4 Ka2 81. Ng6 Ka1 82. h8=Q Bxh8 83. Nxh8 a2 84. Ng6 1/2-1/2

[Event "Mittelfr. EM 2018 - Hauptturnier"]
[Site "Nürnberg"]
[Date "2018.03.27"]
[Round "1.2"]
[White "Homuth, Wolfgang"]
[Black "Link, Andreas"]
[Result "1/2-1/2"]
[WhiteElo "2198"]
[BlackElo "2028"]
[PlyCount "111"]
[EventDate "2018.??.??"]
[WhiteTeam "SC Noris-Tarrasch Nürnberg"]
[BlackTeam "Zabo-Eintracht Nürnberg"]

1. e4 e5 2. Bc4 Nf6 3. d3 d5 4. exd5 Nxd5 5. Nf3 Nc6 6. O-O Be7 7. Re1 Nb6 8.
Bb5 f6 9. d4 Bg4 10. h3 Bh5 11. g4 Bg6 12. Bxc6+ bxc6 13. dxe5 Qxd1 14. Rxd1
Bxc2 15. Re1 O-O-O 16. Nc3 Nc4 17. Kg2 fxe5 18. Ng5 Rd3 19. Nge4 Bb4 20. Re2
Bd1 21. Nxd1 Rxd1 22. b3 Nd6 23. Bb2 Rxa1 24. Bxa1 Nf7 25. Rc2 Rd8 26. Rxc6 Rd1
27. Bb2 Re1 28. Ng3 Nd6 29. Rc2 g6 30. Re2 Rxe2 31. Nxe2 e4 32. Ng3 Kd7 33. Be5
Nf7 34. Bg7 Nd6 35. Bf8 c5 36. Bxd6 Kxd6 37. Nxe4+ Ke5 38. Kf3 Kd4 39. g5 Kd3
40. Nf6 a5 41. Nd5 Bd2 42. h4 a4 43. bxa4 c4 44. a3 Kd4 45. Ke2 Ba5 46. Ne3 c3
47. f3 Bc7 48. Nc2+ Kc4 49. Ke3 Bg3 50. Ke4 Bxh4 51. f4 Bf2 52. a5 Kb5 53. Kd3
Kxa5 54. Kxc3 Bg3 55. Nd4 Bxf4 56. Ne6 1/2-1/2

[Event "Mittelfr. EM 2018 - Hauptturnier"]
[Site "Nürnberg"]
[Date "2018.03.27"]
[Round "1.3"]
[White "Brenner, Christian"]
[Black "Finster, Michael"]
[Result "0-1"]
[WhiteElo "1990"]
[BlackElo "2144"]
[PlyCount "174"]
[EventDate "2018.??.??"]
[WhiteTeam "Zabo-Eintracht Nürnberg"]
[BlackTeam "SK Herzogenaurach"]

1. e4 e5 2. Nf3 Nc6 3. Bb5 a6 4. Ba4 Nf6 5. O-O Nxe4 6. Qe2 Nc5 7. Bxc6 dxc6 8.
Qxe5+ Ne6 9. Re1 Be7 10. d4 O-O 11. Nc3 Bf6 12. Qe4 Nxd4 13. Nxd4 Qxd4 14. Bf4
Qxe4 15. Nxe4 Bxb2 16. Rab1 Bd4 17. Bxc7 Bf5 18. Nd6 Be6 19. Rbd1 Ba7 20. Nxb7
Bxa2 21. Ra1 Be6 22. Na5 Bd4 23. Ra3 Bc5 24. Ra4 Rfc8 25. Be5 h6 26. h3 Bd5 27.
c4 Be6 28. Rea1 f6 29. Bg3 Bd4 30. Re1 Re8 31. Nxc6 Bd7 32. Rxe8+ Bxe8 33. c5
Bxc5 34. Rc4 Bf8 35. Nb8 Bb5 36. Rc8 Kf7 37. Rc7+ Kg6 38. Rb7 Bc5 39. Rc7 Bb4
40. Rb7 Bc5 41. Rc7 Bd4 42. Nc6 Bxc6 43. Rxc6 a5 44. Rc4 Bb6 45. Rc6 Bd4 46.
Rc4 Bb2 47. Ra4 Bc3 48. Rc4 Bb4 49. Bf4 Ra7 50. g4 Bf8 51. Be3 Ra8 52. Ra4 Bb4
53. Kf1 Kf7 54. Ke2 Ke6 55. Bd2 Bxd2 56. Kxd2 Kd5 57. Kc3 Ra7 58. h4 Kc5 59.
Kb3 Kb5 60. Rf4 a4+ 61. Ka3 Ra6 62. g5 hxg5 63. hxg5 Kc5 64. gxf6 gxf6 65. f3
Kd5 66. Rb4 Ke5 67. Rc4 Kf5 68. f4 Re6 69. Rxa4 Re4 70. Ra8 Kxf4 71. Kb3 Rd4
72. Kc3 Rd6 73. Ra4+ Kg5 74. Ra1 f5 75. Rg1+ Kh4 76. Rf1 Kg4 77. Rg1+ Kh3 78.
Rf1 Rd5 79. Kc4 Ra5 80. Kd4 Kg2 81. Rf4 Kg3 82. Rf1 f4 83. Rb1 f3 84. Rb7 Rg5
85. Rf7 f2 86. Ke3 Re5+ 87. Kd4 Re8 0-1

[Event "Mittelfr. EM 2018 - Hauptturnier"]
[Site "Nürnberg"]
[Date "2018.03.27"]
[Round "1.4"]
[White "Seibold, Hubert"]
[Black "Leis, Stefan"]
[Result "0-1"]
[WhiteElo "2133"]
[BlackElo "1966"]
[PlyCount "56"]
[EventDate "2018.??.??"]
[WhiteTeam "SK Zirndorf"]
[BlackTeam "SC Mühlhof-Reichelsdorf"]

1. c4 Nf6 2. g3 e5 3. Bg2 d5 4. cxd5 Nxd5 5. Nc3 Nb6 6. d3 Nc6 7. Nf3 Be7 8.
O-O O-O 9. a3 a5 10. b3 Be6 11. Bb2 f6 12. Nd2 Nd5 13. Nc4 Qd7 14. Nb5 Rfd8 15.
d4 Nxd4 16. Nxd4 exd4 17. Qxd4 b5 18. Ne3 Nxe3 19. Qxe3 Ra6 20. Be4 c5 21. a4
b4 22. Bd3 Rb6 23. Rfd1 Qc7 24. Bb5 Rbd6 25. Rxd6 Qxd6 26. Rc1 Bh3 27. Bc4+ Kh8
28. f3 Qd1+ 0-1

[Event "Mittelfr. EM 2018 - Hauptturnier"]
[Site "Nürnberg"]
[Date "2018.03.27"]
[Round "1.5"]
[White "Adelhütte, Dennis"]
[Black "Meulner, Klaus"]
[Result "0-1"]
[WhiteElo "1961"]
[BlackElo "2103"]
[PlyCount "57"]
[EventDate "2018.??.??"]
[WhiteTeam "SC JÄKLECHEMIE"]
[BlackTeam "SW Nürnberg Süd"]

1. d4 g6 2. c4 Bg7 3. Nc3 c5 4. d5 Bxc3+ 5. bxc3 f5 6. h4 Nf6 7. h5 Rg8 8. hxg6
hxg6 9. Nf3 Qa5 10. Bd2 d6 11. Ng5 Nbd7 12. f3 Ne5 13. Qb3 Qa6 14. e3 Bd7 15.
f4 Nf7 16. Rb1 b6 17. Ne6 Bxe6 18. dxe6 Nd8 19. g4 Nxe6 20. g5 Ne4 21. Bg2
O-O-O 22. a4 d5 23. cxd5 Qd3 24. Bxe4 Qxe4 25. Kf2 Rxd5 26. Rbd1 c4 27. Qa3 Nc5
28. Qa2 Rgd8 29. Ke1 0-1

[Event "Mittelfr. EM 2018 - Hauptturnier"]
[Site "Nürnberg"]
[Date "2018.03.27"]
[Round "1.6"]
[White "Hirn, Erwin"]
[Black "Smyk, Jozef"]
[Result "1/2-1/2"]
[WhiteElo "2101"]
[BlackElo "1952"]
[PlyCount "28"]
[EventDate "2018.??.??"]
[WhiteTeam "SK Neumarkt"]
[BlackTeam "SK Neumarkt"]

1. d4 d5 2. c4 c6 3. Nf3 Nf6 4. e3 g6 5. Nc3 Bg7 6. Bd3 O-O 7. b3 Bg4 8. h3
Bxf3 9. Qxf3 e6 10. Bb2 Nbd7 11. O-O Re8 12. Rfd1 Qe7 13. Qg3 Rac8 14. e4 Nh5
1/2-1/2

[Event "Mittelfr. EM 2018 - Hauptturnier"]
[Site "Nürnberg"]
[Date "2018.03.27"]
[Round "1.7"]
[White "Braun, Kristin"]
[Black "Erlbeck, Peter"]
[Result "1/2-1/2"]
[WhiteElo "1844"]
[BlackElo "2095"]
[PlyCount "93"]
[EventDate "2018.??.??"]
[WhiteTeam "SC Forchheim"]
[BlackTeam "SW Nürnberg Süd"]

1. e4 c5 2. Nc3 Nc6 3. g3 g6 4. Bg2 Bg7 5. d3 d6 6. Be3 e6 7. Qd2 Nd4 8. Rb1
Nf6 9. Nce2 Ng4 10. Bxd4 Bxd4 11. Nxd4 cxd4 12. Ne2 e5 13. O-O Be6 14. a3 h5
15. h3 Nh6 16. f4 Qd7 17. Kh2 O-O-O 18. fxe5 dxe5 19. Qa5 Kb8 20. Qxe5+ Ka8 21.
Nf4 h4 22. Nxe6 hxg3+ 23. Kg1 fxe6 24. Qxg3 Qg7 25. Rf2 Rhf8 26. Rbf1 Rxf2 27.
Qxf2 Ng8 28. Qf7 Qe5 29. Qxg6 Ne7 30. Qf6 Nc6 31. Qxe5 Nxe5 32. Rf6 Re8 33. Bf3
Nd7 34. Rf7 Ne5 35. Rf4 Kb8 36. Bg4 Rg8 37. Kh2 Rg6 38. Kg3 Kc7 39. h4 Kd6 40.
h5 Rg8 41. Kh4 Ke7 42. Kh3 a5 43. a4 b6 44. Kh4 Rh8 45. Kg3 Rg8 46. Kh4 Rh8 47.
Kg3 1/2-1/2

[Event "Mittelfr. EM 2018 - Hauptturnier"]
[Site "Nürnberg"]
[Date "2018.03.27"]
[Round "1.8"]
[White "Walter, Thomas"]
[Black "Kocak, Ediz"]
[Result "1-0"]
[WhiteElo "2091"]
[BlackElo "1807"]
[PlyCount "33"]
[EventDate "2018.??.??"]
[WhiteTeam "SC Erlangen"]
[BlackTeam "SGem Fürth"]

1. e4 d5 2. exd5 Qxd5 3. Nc3 Qa5 4. Bc4 Nf6 5. d3 Bg4 6. f3 Bf5 7. Bd2 c6 8.
Qe2 h5 9. O-O-O Qc7 10. Nh3 b5 11. Bf4 Qb6 12. Bb3 Bxh3 13. gxh3 Nbd7 14. d4 e6
15. d5 cxd5 16. Bxd5 Rc8 17. Bb3 1-0

[Event "Mittelfr. EM 2018 - Hauptturnier"]
[Site "Nürnberg"]
[Date "2018.03.27"]
[Round "1.9"]
[White "Balhar, Michael"]
[Black "Böhme, Markus"]
[Result "0-1"]
[WhiteElo "1791"]
[BlackElo "2045"]
[PlyCount "84"]
[EventDate "2018.??.??"]
[WhiteTeam "SC Erlangen"]
[BlackTeam "SC Uttenreuth"]

1. e4 g6 2. d4 Bg7 3. f4 d6 4. Nf3 Nf6 5. Nc3 c5 6. dxc5 Qa5 7. Bd3 Qxc5 8. Qe2
Nc6 9. a3 O-O 10. Be3 Qa5 11. O-O Bg4 12. h3 Bxf3 13. Rxf3 Nd7 14. Nd1 Nd4 15.
Bxd4 Bxd4+ 16. Kh1 Qb6 17. Rb1 Bg7 18. b4 a5 19. Ne3 axb4 20. Rxb4 Qd8 21. Rxb7
Nc5 22. Rb5 Ne6 23. c3 Bxc3 24. Nc2 Qc7 25. Bc4 Bg7 26. Bd5 Ra7 27. Bxe6 fxe6
28. g3 Rc8 29. Nb4 Qc1+ 30. Kg2 Rxa3 31. Rxa3 Qxa3 32. e5 Rc3 33. Nc2 Qa2 34.
Nd4 Qa8+ 35. Kh2 Rc1 36. Qg2 Qa4 37. Qb2 Qd1 38. Rb8+ Kf7 39. Qg2 Qxd4 40. exd6
Qxd6 41. Rb3 Qd1 42. Rf3 Bd4 0-1

[Event "Mittelfr. EM 2018 - Hauptturnier"]
[Site "Nürnberg"]
[Date "2018.03.27"]
[Round "1.10"]
[White "Bildt, Maximilian"]
[Black "Hetzner, Hannes"]
[Result "1-0"]
[WhiteElo "2045"]
[BlackElo "1753"]
[PlyCount "107"]
[EventDate "2018.??.??"]
[WhiteTeam "SK Zirndorf"]
[BlackTeam "SC Erlangen"]

1. e4 e6 2. d4 d5 3. Nc3 Bb4 4. e5 c5 5. a3 Bxc3+ 6. bxc3 Ne7 7. Qg4 cxd4 8.
Qxg7 Rg8 9. Qxh7 Qc7 10. Ne2 Nbc6 11. f4 dxc3 12. Be3 Qa5 13. Nd4 Nxd4 14. Bxd4
Qa4 15. Qd3 Nf5 16. Bxc3 Qxf4 17. g3 Qh6 18. Qd2 Qe3+ 19. Qxe3 Nxe3 20. Kd2
Nc4+ 21. Bxc4 dxc4 22. Rhf1 Bd7 23. Rf4 Rc8 24. Raf1 Rg7 25. Bb4 Bc6 26. Rxc4
Rd8+ 27. Ke1 Bb5 28. Rc7 Bxf1 29. Re7+ Kf8 30. Rd7+ Ke8 31. Re7+ Kf8 32. Rxb7+
Kg8 33. Kxf1 Rd5 34. Rxa7 Rxe5 35. Bc3 Rf5+ 36. Kg2 Rg4 37. Ra8+ Kh7 38. Rh8+
Kg6 39. Rg8+ Kh5 40. Rh8+ Kg6 41. Rg8+ Kh5 42. Rxg4 Kxg4 43. h3+ Kg5 44. Bd2+
Kf6 45. Bb4 Rd5 46. c4 Rd1 47. c5 Rb1 48. g4 Rb3 49. h4 e5 50. Kf2 Kg6 51. Ke2
e4 52. c6 Rb2+ 53. Kd1 e3 54. Kc1 1-0

[Event "Mittelfr. EM 2018 - Hauptturnier"]
[Site "Nürnberg"]
[Date "2018.03.27"]
[Round "2.1"]
[White "Finster, Michael"]
[Black "Böhme, Markus"]
[Result "1-0"]
[WhiteElo "2144"]
[BlackElo "2045"]
[PlyCount "141"]
[EventDate "2018.??.??"]
[WhiteTeam "SK Herzogenaurach"]
[BlackTeam "SC Uttenreuth"]

1. e4 g6 2. Nc3 Bg7 3. Bc4 e6 4. d3 Ne7 5. Qe2 O-O 6. a3 d5 7. Ba2 Nbc6 8. Nf3
b6 9. h4 Ba6 10. h5 dxe4 11. Nxe4 Nf5 12. hxg6 hxg6 13. Bg5 f6 14. Bxe6+ Rf7
15. Be3 Nfd4 16. Nxd4 Nxd4 17. Bxd4 Qxd4 18. O-O-O Re8 19. Qg4 Qe5 20. Bxf7+
Kxf7 21. f4 Qd4 22. f5 Qe3+ 23. Kb1 gxf5 24. Qxf5 Re5 25. Qf3 Qd4 26. Rh7 f5
27. Qh5+ Kf8 28. Ng5 Re7 29. Rxg7 Qxg7 30. Rf1 Bc8 31. g4 Re5 32. gxf5 Rxf5 33.
Nh7+ Qxh7 34. Qxh7 Rxf1+ 35. Ka2 Be6+ 36. b3 Rf7 37. Qh1 a5 38. Qc6 Re7 39. Kb2
Kf7 40. b4 axb4 41. axb4 Rd7 42. Qe4 Ke7 43. c4 Rd6 44. d4 c6 45. b5 cxb5 46.
d5 bxc4 47. dxe6 Rxe6 48. Qxc4 Kd7 49. Qd5+ Rd6 50. Qb7+ Ke6 51. Kc3 Kf6 52.
Qc7 Ke6 53. Kc4 Ke5 54. Qe7+ Re6 55. Qg5+ Kd6 56. Qd5+ Ke7 57. Qb7+ Kf6 58. Kd5
Re5+ 59. Kd4 Re6 60. Qd7 b5 61. Qxb5 Rd6+ 62. Ke4 Re6+ 63. Kf4 Ke7 64. Qc5+ Kd7
65. Qd5+ Rd6 66. Qb7+ Ke6 67. Ke4 Rd7 68. Qc6+ Ke7 69. Ke5 Rd8 70. Qe6+ Kf8 71.
Kf6 1-0

[Event "Mittelfr. EM 2018 - Hauptturnier"]
[Site "Nürnberg"]
[Date "2018.03.27"]
[Round "2.2"]
[White "Meulner, Klaus"]
[Black "Bildt, Maximilian"]
[Result "1-0"]
[WhiteElo "2103"]
[BlackElo "2045"]
[PlyCount "115"]
[EventDate "2018.??.??"]
[WhiteTeam "SW Nürnberg Süd"]
[BlackTeam "SK Zirndorf"]

1. Nf3 Nf6 2. c4 g6 3. Nc3 c5 4. b3 Bg7 5. Bb2 O-O 6. g3 Nc6 7. Bg2 d6 8. O-O
Bg4 9. h3 Bd7 10. Nd5 Nxd5 11. Bxg7 Ne3 12. dxe3 Kxg7 13. Qd2 Rb8 14. Rfd1 Qc7
15. Ng5 b5 16. Rac1 h6 17. Ne4 Be6 18. Qc3+ f6 19. cxb5 Rxb5 20. Qd2 Nb4 21.
Nc3 Rbb8 22. a3 Bxb3 23. axb4 Bxd1 24. Nd5 Qd8 25. Qxd1 cxb4 26. Nf4 Qd7 27.
Qd3 Qf5 28. Be4 Qe5 29. Bd5 f5 30. Ne6+ Kf6 31. f4 Qb2 32. Rb1 Qc3 33. Nxf8
Rxf8 34. Qxc3+ bxc3 35. Rc1 Rc8 36. Rc2 a5 37. Bb3 g5 38. Kf2 e5 39. Ke1 gxf4
40. gxf4 Rc5 41. Ra2 Rb5 42. Ra3 d5 43. fxe5+ Kxe5 44. Bc2 d4 45. Kf2 Rd5 46.
exd4+ Kxd4 47. Ra4+ Ke5 48. Rc4 Kf6 49. Rxc3 Kg5 50. Rc4 Rb5 51. Ra4 Re5 52.
h4+ Kh5 53. Kf3 Rb5 54. Bd3 Rc5 55. Kg3 Re5 56. Kf4 Rc5 57. Bxf5 Kxh4 58. Ra3
1-0

[Event "Mittelfr. EM 2018 - Hauptturnier"]
[Site "Nürnberg"]
[Date "2018.03.27"]
[Round "2.3"]
[White "Leis, Stefan"]
[Black "Walter, Thomas"]
[Result "1-0"]
[WhiteElo "1966"]
[BlackElo "2091"]
[PlyCount "69"]
[EventDate "2018.??.??"]
[WhiteTeam "SC Mühlhof-Reichelsdorf"]
[BlackTeam "SC Erlangen"]

1. Nf3 d5 2. c4 d4 3. e3 c5 4. b4 dxe3 5. fxe3 cxb4 6. d4 e6 7. Bd3 Nc6 8. O-O
Nf6 9. Bb2 Bd6 10. Qe1 a5 11. Kh1 a4 12. a3 Ra5 13. Be2 Ng4 14. Bd1 Rh5 15. h3
Bb8 16. e4 e5 17. d5 Nd4 18. axb4 Nxf3 19. Bxa4+ Bd7 20. Bxd7+ Qxd7 21. Rxf3
O-O 22. Kg1 Nh6 23. Nd2 f5 24. Qe2 Re8 25. c5 Rh4 26. d6 fxe4 27. Nxe4 Nf5 28.
Qc4+ Kh8 29. Raf1 g6 30. Qd5 Qg7 31. d7 Rd8 32. Rd3 Nd4 33. Rxd4 Qh6 34. Rd3
Qh5 35. Rdf3 1-0

[Event "Mittelfr. EM 2018 - Hauptturnier"]
[Site "Nürnberg"]
[Date "2018.03.27"]
[Round "2.4"]
[White "Walter, Florian"]
[Black "Braun, Kristin"]
[Result "1-0"]
[WhiteElo "2203"]
[BlackElo "1844"]
[PlyCount "83"]
[EventDate "2018.??.??"]
[WhiteTeam "SC Noris-Tarrasch Nürnberg"]
[BlackTeam "SC Forchheim"]

1. c4 Nf6 2. g3 g6 3. Bg2 Bg7 4. Nf3 d6 5. O-O e5 6. Nc3 Nc6 7. d3 Bd7 8. Rb1
Qc8 9. Re1 Bh3 10. Bh1 h5 11. Bg5 Ng4 12. Nd5 f6 13. Bd2 Ne7 14. Nxe7 Kxe7 15.
Nh4 Qe8 16. Bxb7 Rb8 17. Be4 f5 18. Bg5+ Bf6 19. Bxf6+ Kxf6 20. Bg2 Bxg2 21.
Nxg2 g5 22. f3 Nh6 23. Ne3 c6 24. Qa4 Rb7 25. c5 d5 26. Nxd5+ Kg7 27. Ne3 Qd7
28. Red1 f4 29. Nf1 Nf5 30. Qe4 Qd4+ 31. Qxd4 Nxd4 32. Kf2 Rb5 33. Rdc1 Rhb8
34. b3 Ne6 35. Rc4 Nxc5 36. Rbc1 Na6 37. Rxc6 Nb4 38. Rc7+ Kf8 39. Rxa7 R5b7
40. Rxb7 Rxb7 41. a3 Nd5 42. Rc5 1-0

[Event "Mittelfr. EM 2018 - Hauptturnier"]
[Site "Nürnberg"]
[Date "2018.03.27"]
[Round "2.5"]
[White "Smyk, Jozef"]
[Black "Homuth, Wolfgang"]
[Result "1/2-1/2"]
[WhiteElo "1952"]
[BlackElo "2198"]
[PlyCount "47"]
[EventDate "2018.??.??"]
[WhiteTeam "SK Neumarkt"]
[BlackTeam "SC Noris-Tarrasch Nürnberg"]

1. d4 f5 2. Nf3 Nf6 3. c4 d6 4. Nc3 g6 5. Qc2 Bg7 6. Bf4 O-O 7. e3 e6 8. h3 Qe7
9. Be2 Nc6 10. Bg5 h6 11. Bxf6 Qxf6 12. a3 a6 13. O-O Bd7 14. Rac1 Kh8 15. b4
e5 16. Nd5 Qd8 17. dxe5 Nxe5 18. Nf4 Qe8 19. c5 Ba4 20. Qb1 Qf7 21. Nxe5 Bxe5
22. Bc4 Qf6 23. Nd3 Qe7 24. Nxe5 1/2-1/2

[Event "Mittelfr. EM 2018 - Hauptturnier"]
[Site "Nürnberg"]
[Date "2018.03.27"]
[Round "2.6"]
[White "Link, Andreas"]
[Black "Hirn, Erwin"]
[Result "0-1"]
[WhiteElo "2028"]
[BlackElo "2101"]
[PlyCount "168"]
[EventDate "2018.??.??"]
[WhiteTeam "Zabo-Eintracht Nürnberg"]
[BlackTeam "SK Neumarkt"]

1. d4 Nf6 2. Nf3 d5 3. c4 e6 4. Bg5 c5 5. cxd5 cxd4 6. Qxd4 Qa5+ 7. Nc3 Nxd5 8.
e4 Nxc3 9. bxc3 Nc6 10. Qd2 Be7 11. Bxe7 Nxe7 12. Rb1 O-O 13. Be2 Rd8 14. Qe3
b6 15. O-O Ba6 16. Bxa6 Qxa6 17. Qg5 Nc6 18. h4 Qxa2 19. h5 h6 20. Qb5 Rac8 21.
Ra1 Qc2 22. e5 Qd3 23. Qa4 Na5 24. Rad1 Qxc3 25. Qh4 Nc6 26. Rd6 Qb4 27. Qg3
Rxd6 28. exd6 Nd4 29. d7 Rd8 30. Qc7 Nxf3+ 31. gxf3 Qe7 32. Rd1 Kf8 33. Qxa7
Qg5+ 34. Kf1 Qc5 35. Qa4 b5 36. Qe4 Qc4+ 37. Qxc4 bxc4 38. Rc1 Rxd7 39. Rxc4
Rd5 40. Rh4 Ke7 41. Kg2 Rg5+ 42. Kf1 e5 43. Rh1 Ke6 44. Ke2 Rf5 45. Ke3 Rf4 46.
Ra1 Kf6 47. Rh1 Rd4 48. Rh2 Kf5 49. Rg2 g6 50. Rg1 g5 51. Ra1 Rh4 52. Ra7 f6
53. Ke2 Rxh5 54. Kf1 Rh4 55. Rh7 e4 56. Kg2 exf3+ 57. Kxf3 g4+ 58. Kg2 Kf4 59.
Ra7 f5 60. Ra8 Rh3 61. Ra4+ Kg5 62. f4+ Kf6 63. Ra6+ Ke7 64. Rb6 h5 65. Rh6 h4
66. Rh5 Ke6 67. Rh7 Kd5 68. Re7 Kd4 69. Re5 Rf3 70. Rxf5 Ke4 71. Rf8 Rxf4 72.
Re8+ Kf5 73. Rh8 g3 74. Kh3 Ke4 75. Ra8 Rf1 76. Ra2 Kf3 77. Ra3+ Kf2 78. Ra2+
Kg1 79. Kxh4 Rf2 80. Ra1+ Kh2 81. Ra3 g2 82. Rh3+ Kg1 83. Ra3 Rf8 84. Ra1+ Kh2
0-1

[Event "Mittelfr. EM 2018 - Hauptturnier"]
[Site "Nürnberg"]
[Date "2018.03.27"]
[Round "2.7"]
[White "Erlbeck, Peter"]
[Black "Böhme, Sebastian"]
[Result "1-0"]
[WhiteElo "2095"]
[BlackElo "2036"]
[PlyCount "79"]
[EventDate "2018.??.??"]
[WhiteTeam "SW Nürnberg Süd"]
[BlackTeam "SC Uttenreuth"]

1. e4 e6 2. d4 d5 3. e5 c5 4. c3 Qb6 5. Nf3 Nc6 6. a3 f6 7. Bd3 c4 8. Bc2 fxe5
9. Nxe5 Nf6 10. O-O Bd6 11. Qe2 O-O 12. Nd2 a5 13. Ndf3 Qc7 14. Bg5 Bd7 15.
Rae1 Nd8 16. Bxf6 Rxf6 17. Ng4 Rf4 18. Ng5 g6 19. g3 Rf8 20. f4 Be7 21. h4 Bxg5
22. hxg5 Nf7 23. Nf6+ Kg7 24. Nxh7 Rh8 25. Nf6 Rh3 26. Kg2 Nxg5 27. Nxd7 Rah8
28. Rh1 Rxh1 29. Rxh1 Rxh1 30. Kxh1 Qxd7 31. Qe5+ Kh7 32. Qxg5 Qf7 33. Kg2 b5
34. g4 Kg7 35. f5 exf5 36. gxf5 Qd7 37. Qxg6+ Kf8 38. f6 b4 39. Bf5 Qb7 40. Be6
1-0

[Event "Mittelfr. EM 2018 - Hauptturnier"]
[Site "Nürnberg"]
[Date "2018.03.27"]
[Round "2.8"]
[White "Kocak, Ediz"]
[Black "Seibold, Hubert"]
[Result "1/2-1/2"]
[WhiteElo "1807"]
[BlackElo "2133"]
[PlyCount "148"]
[EventDate "2018.??.??"]
[WhiteTeam "SGem Fürth"]
[BlackTeam "SK Zirndorf"]

1. d4 d5 2. Bf4 Nf6 3. e3 e6 4. Nd2 Bd6 5. Bg3 c5 6. c3 Nc6 7. Ngf3 Nh5 8. Bxd6
Qxd6 9. Bb5 Bd7 10. O-O Nf6 11. Qa4 O-O 12. Qa3 b6 13. Rfd1 Rfc8 14. Nb3 Ne4
15. dxc5 bxc5 16. Nfd2 Nxd2 17. Rxd2 Ne5 18. Be2 Qb6 19. c4 dxc4 20. Na5 Bb5
21. Rc1 Rd8 22. Rcd1 Rxd2 23. Rxd2 g6 24. Qc3 Rd8 25. Rxd8+ Qxd8 26. h4 Qd5 27.
a4 Bxa4 28. f4 Nd7 29. h5 gxh5 30. Bxc4 Qd1+ 31. Kh2 Nb6 32. b3 Bd7 33. Qf6 Qg4
34. Bd3 h4 35. Qh6 Qg3+ 36. Kh1 f5 37. Nc4 Qe1+ 38. Kh2 Qg3+ 39. Kh1 Nd5 40.
Bxf5 Qe1+ 41. Kh2 Qg3+ 42. Kh1 exf5 43. Qd6 Qe1+ 44. Kh2 Nxe3 45. Nxe3 Qxe3 46.
Qxd7 Qxf4+ 47. Kh1 Qe4 48. Qc8+ Kg7 49. Qxc5 Qb1+ 50. Kh2 Qxb3 51. Qxf5 Qg3+
52. Kh1 Qe1+ 53. Kh2 a5 54. Qg5+ Kf7 55. Qf5+ Ke7 56. Qxh7+ Kd6 57. Qd3+ Kc5
58. Qc2+ Kd4 59. Qa4+ Kd3 60. Qb3+ Kd4 61. Qa4+ Qb4 62. Qd1+ Kc5 63. Qc2+ Kd5
64. Qf5+ Kc6 65. Qc8+ Kd5 66. Qf5+ Kd4 67. Qf4+ Kd3 68. Qf3+ Kc2 69. Qe2+ Kc1
70. Qe3+ Kb2 71. Qe2+ Kb3 72. Qd3+ Kb2 73. Qe2+ Ka3 74. Qd3+ Kb2 1/2-1/2

[Event "Mittelfr. EM 2018 - Hauptturnier"]
[Site "Nürnberg"]
[Date "2018.03.27"]
[Round "2.9"]
[White "Balhar, Michael"]
[Black "Brenner, Christian"]
[Result "1/2-1/2"]
[WhiteElo "1791"]
[BlackElo "1990"]
[PlyCount "69"]
[EventDate "2018.??.??"]
[WhiteTeam "SC Erlangen"]
[BlackTeam "Zabo-Eintracht Nürnberg"]

1. e4 e5 2. Nf3 Nc6 3. Bc4 Nf6 4. d3 Be7 5. c3 O-O 6. O-O d5 7. exd5 Nxd5 8. h3
Kh8 9. Re1 Nb6 10. Bb3 f5 11. Nbd2 Bf6 12. Nf1 Nd7 13. Ng3 Nc5 14. Bc2 g6 15.
Be3 Ne6 16. Bh6 Re8 17. Qd2 Bd7 18. Rad1 a5 19. b3 b5 20. Ne2 b4 21. d4 bxc3
22. Qxc3 Nexd4 23. Nexd4 Nxd4 24. Nxd4 exd4 25. Rxe8+ Bxe8 26. Qc5 Qd6 27. Qxd6
cxd6 28. Bf8 d5 29. Bd3 f4 30. Bd6 g5 31. Bf5 Bg6 32. Bxg6 hxg6 33. Bc5 Kg7 34.
Bxd4 Bxd4 35. Rxd4 1/2-1/2

[Event "Mittelfr. EM 2018 - Hauptturnier"]
[Site "Nürnberg"]
[Date "2018.03.27"]
[Round "2.10"]
[White "Hetzner, Hannes"]
[Black "Adelhütte, Dennis"]
[Result "1/2-1/2"]
[WhiteElo "1753"]
[BlackElo "1961"]
[PlyCount "90"]
[EventDate "2018.??.??"]
[WhiteTeam "SC Erlangen"]
[BlackTeam "SC JÄKLECHEMIE"]

1. e4 e6 2. d4 d5 3. Nd2 Nf6 4. e5 Nfd7 5. Bd3 c5 6. c3 Nc6 7. Ne2 cxd4 8. cxd4
f6 9. exf6 Nxf6 10. O-O Bd6 11. Nf3 O-O 12. Bf4 Bxf4 13. Nxf4 Ne4 14. Qc1 Ng5
15. Nxg5 Qxg5 16. Bxh7+ Kxh7 17. Nxe6 Qxc1 18. Nxf8+ Kg8 19. Raxc1 Kxf8 20.
Rfe1 Kf7 21. f3 Be6 22. Kf2 Rh8 23. h3 Rh4 24. Red1 Ke7 25. Kg3 g5 26. Rd2 Kd6
27. Rcd1 a5 28. a3 b5 29. b3 b4 30. a4 Bf5 31. Kh2 Rh7 32. g4 Bg6 33. Re1 Rf7
34. Kg3 Kd7 35. Re3 Rf4 36. h4 Rxd4 37. Rxd4 gxh4+ 38. Kxh4 Nxd4 39. f4 Bc2 40.
Kh5 Nxb3 41. f5 d4 42. Re5 d3 43. f6 d2 44. f7 d1=Q 45. f8=Q Qh1+ 1/2-1/2

[Event "Mittelfr. EM 2018 - Hauptturnier"]
[Site "Nürnberg"]
[Date "2018.03.28"]
[Round "3.1"]
[White "Meulner, Klaus"]
[Black "Finster, Michael"]
[Result "1/2-1/2"]
[WhiteElo "2103"]
[BlackElo "2144"]
[PlyCount "22"]
[EventDate "2018.??.??"]
[WhiteTeam "SW Nürnberg Süd"]
[BlackTeam "SK Herzogenaurach"]

1. Nf3 d5 2. c4 e6 3. g3 c5 4. Bg2 Nc6 5. cxd5 exd5 6. d4 Nf6 7. O-O Be7 8.
dxc5 Bxc5 9. a3 a6 10. b4 Be7 11. Bb2 O-O 1/2-1/2

[Event "Mittelfr. EM 2018 - Hauptturnier"]
[Site "Nürnberg"]
[Date "2018.03.28"]
[Round "3.2"]
[White "Walter, Florian"]
[Black "Leis, Stefan"]
[Result "1-0"]
[WhiteElo "2203"]
[BlackElo "1966"]
[PlyCount "63"]
[EventDate "2018.??.??"]
[WhiteTeam "SC Noris-Tarrasch Nürnberg"]
[BlackTeam "SC Mühlhof-Reichelsdorf"]

1. c4 e5 2. g3 Nf6 3. Bg2 d5 4. cxd5 Nxd5 5. Nc3 Nb6 6. Nf3 Nc6 7. O-O Be7 8.
d3 O-O 9. Be3 f5 10. Rc1 f4 11. Bd2 Bg4 12. Ne4 fxg3 13. hxg3 Nd4 14. Nxd4 exd4
15. Re1 Kh8 16. Qb3 Qd7 17. Bb4 Rad8 18. Bxe7 Qxe7 19. a4 Be6 20. Qc2 c6 21. a5
Nd5 22. a6 bxa6 23. Qxc6 Nb4 24. Qc5 Rfe8 25. Qa5 h6 26. Rc7 Rd7 27. Rec1 Rb8
28. Rc8+ Rxc8 29. Rxc8+ Kh7 30. Nc5 Rd6 31. Be4+ g6 32. Rc7 1-0

[Event "Mittelfr. EM 2018 - Hauptturnier"]
[Site "Nürnberg"]
[Date "2018.03.28"]
[Round "3.3"]
[White "Hirn, Erwin"]
[Black "Erlbeck, Peter"]
[Result "1-0"]
[WhiteElo "2101"]
[BlackElo "2095"]
[PlyCount "59"]
[EventDate "2018.??.??"]
[WhiteTeam "SK Neumarkt"]
[BlackTeam "SW Nürnberg Süd"]

1. d4 f5 2. e4 fxe4 3. Nc3 Nf6 4. Bg5 Nc6 5. d5 Ne5 6. Qd4 Nf7 7. h4 c6 8.
O-O-O Qb6 9. Qd2 Nd6 10. f3 exf3 11. gxf3 Qa5 12. Bf4 Nxd5 13. Nxd5 Qxd2+ 14.
Rxd2 cxd5 15. Bxd6 exd6 16. Nh3 b6 17. Bg2 Bb7 18. Ng5 Be7 19. Re1 Kf8 20. f4
h6 21. Nf3 Bf6 22. h5 Re8 23. Rxe8+ Kxe8 24. Nd4 Bxd4 25. Rxd4 Rf8 26. Kd2 Ke7
27. Ke3 Rc8 28. c3 Rc4 29. Rxc4 dxc4 30. Bxb7 1-0